[Event "Wolfsburg sim"]
[Site "Wolfsburg"]
[Date "2007.01.20"]
[Round "1"]
[White "Karpov, Anatoly"]
[Black "Rutz, Matthias"]
[Result "1-0"]
[WhiteElo "2668"]
[BlackElo "2108"]
[PlyCount "102"]
[EventDate "2007.01.20"]
[EventType "simul"]
[EventRounds "1"]
[EventCountry "GER"]
[SourceTitle "EXT 2008"]
[Source "ChessBase"]
[SourceDate "2007.11.25"]
[SourceVersion "1"]
[SourceVersionDate "2007.11.25"]
[SourceQuality "1"]

1. c4 e6 2. d4 d5 3. Nc3 Nf6 4. Nf3 Be7 5. Bf4 c5 6. dxc5 Bxc5 7. e3 O-O 8. a3 dxc4 9. Bxc4 a6 10. Bd3 Nc6 11. Qc2 Be7 12. O-O Bd7 13. e4 Nh5 $146 ({RR} 13... g6 14. Rad1 Rc8 15. e5 Nd5 16. Nxd5 exd5 17. Qd2 Qa5 18. Qe3 Bg4 19. Be2 Rfd8 20. b4 Qa4 21. h3 Be6 22. Ng5 d4 23. Qg3 d3 24. Bxd3 Qxa3 25. Nxe6 fxe6 26. Qg4 Kg7 27. Qxe6 Qxb4 28. Be3 {Moradiabadi,E (2540)-Exizoglou,D (2224) Thessaloniki 2007 1-0 (62)}) 14. Be3 g6 15. Bh6 Re8 16. e5 Rc8 17. Rfe1 Qb6 18. Re4 Qa7 19. g4 Ng7 20. Rf4 Qb8 21. Qe2 Red8 22. Re1 Be8 23. Bb1 b5 24. Bg5 Rd7 25. h3 Rcd8 26. Bxe7 Nxe7 27. Qe3 Nd5 28. Nxd5 Rxd5 29. Rf6 Rd1 30. Be4 Rxe1+ 31. Qxe1 Qc7 32. Qe3 Rd1+ 33. Kg2 Qc1 34. Qxc1 Rxc1 35. Rf4 Kf8 36. Bb7 a5 37. Rd4 Rc7 38. Be4 Ke7 39. Ng5 h6 40. Nh7 Bc6 41. Bxc6 Rxc6 42. Nf6 Rc7 43. Ng8+ Ke8 44. Nxh6 Rc5 45. Rf4 Rc7 46. h4 Kf8 47. Rd4 Rc5 48. Rd8+ Ne8 49. g5 Ke7 50. Ra8 a4 51. Ng8+ Kd7 1-0

[Event "Vienna Lugner City sim"]
[Site "Vienna"]
[Date "2005.04.16"]
[Round "?"]
[White "Karpov, Anatoly"]
[Black "Musilek, Adalbert"]
[Result "1-0"]
[WhiteElo "2674"]
[BlackElo "1695"]
[PlyCount "93"]
[EventDate "2005.04.16"]
[EventType "simul"]
[EventRounds "1"]
[EventCountry "AUT"]
[SourceTitle "EXT 2007"]
[Source "ChessBase"]
[SourceDate "2006.11.23"]
[SourceVersion "1"]
[SourceVersionDate "2006.11.23"]
[SourceQuality "1"]

1. d4 d5 2. c4 e6 3. Nc3 Nf6 4. Nf3 Be7 5. Bf4 a6 6. e3 O-O 7. c5 b6 8. cxb6 cxb6 9. Rc1 ({RR} 9. Bd3 Bb7 10. O-O Nc6 11. h3 b5 12. Rc1 Rc8 13. Qe2 Qb6 14. Bg5 h6 15. Bh4 Nd7 16. Nxd5 exd5 17. Rxc6 Bxc6 18. Bxe7 Rfe8 19. Bh4 b4 20. Bxa6 Ra8 21. Bd3 Rxa2 22. Bg3 Rea8 23. Nh4 Ra1 {Bauer,C (2633)-Apicella,M (2512) Nancy 2013 ½-½ (51)}) ({RR} 9. Bd3 Bb7 10. O-O Nc6 {½-½ (10) Pantsulaia,L (2493)-Paichadze,L (2465) Poti GEO 2026}) 9... Bb7 10. Be2 $146 ({RR} 10. Bd3 Nc6 11. O-O Rc8 12. Na4 Nd7 13. a3 b5 14. Nc5 Bxc5 15. dxc5 e5 16. Bg5 f6 17. Bf5 Ne7 18. Bxd7 Qxd7 19. Bh4 Ng6 20. Bg3 Kh8 21. h4 Ne7 22. e4 d4 23. Nd2 Qe6 24. f3 Rfd8 {Berger,S-Gulich,C Binz 1995 ½-½ (66)}) ({RR} 10. Bd3 Nbd7 11. h3 b5 12. O-O Rc8 13. Ne5 Nb6 14. a4 Nc4 15. Nxc4 dxc4 16. Bb1 b4 17. Ne2 Qa5 18. Be5 Rfd8 19. Nf4 g6 20. Qe2 Nd7 21. Rxc4 Rxc4 22. Qxc4 Nxe5 23. dxe5 Qxe5 24. h4 a5 {Martinez Ramirez,L (2448)-Campos Jimenez,A (2385) Santiago de Cuba 2019 1-0 (80)}) 10... Nbd7 11. O-O Nh5 12. Be5 Nxe5 13. dxe5 g6 14. Qb3 Rc8 15. Rfd1 b5 16. a3 Rc7 17. Na2 Rxc1 18. Nxc1 Qb8 19. Nd3 Rc8 20. a4 Bc6 21. Nd4 Bd7 22. axb5 Bxb5 23. Bxh5 gxh5 24. Nxb5 Qxb5 25. Qxb5 axb5 26. Kf1 Rc4 27. h3 Kg7 28. Ke2 Bd8 29. Kf3 Bc7 30. Ra1 Bb6 31. Ra6 Bd8 32. Ra7 Rc6 33. Rb7 Rb6 34. Rd7 Bg5 35. g3 Rb8 36. h4 Bh6 37. Nb4 Kf8 38. Rc7 Rb6 39. Ke2 Kg8 40. Nc6 Bf8 41. Nd8 Bg7 42. Nxf7 h6 43. f4 Bf8 44. Nd8 Bb4 45. Rc6 Rxc6 46. Nxc6 Bc5 47. Nd8 1-0

[Event "Najdorf Memorial 12th"]
[Site "Buenos Aires"]
[Date "2001.09.05"]
[Round "2"]
[White "Karpov, Anatoly"]
[Black "Short, Nigel D"]
[Result "1/2-1/2"]
[WhiteElo "2692"]
[BlackElo "2664"]
[Annotator "Dautov,Rustem"]
[PlyCount "64"]
[EventDate "2001.09.04"]
[EventType "tourn"]
[EventRounds "9"]
[EventCountry "ARG"]
[EventCategory "14"]
[SourceTitle "CBM 085"]
[Source "ChessBase"]
[SourceDate "2001.11.13"]
[SourceVersion "1"]
[SourceVersionDate "2001.11.13"]
[SourceQuality "1"]

1. d4 {Dautov,Rustem} Nf6 2. c4 e6 3. Nf3 d5 4. Nc3 Be7 5. Bf4 O-O 6. e3 c5 7. dxc5 Bxc5 8. cxd5 Nxd5 9. Nxd5 exd5 10. a3 Bd6 $5 {Fast eine Neuerung- dieser Zug wurde bisher nur einmal gespielt. Short vermeidet damit die Variante 10...c6 11.d3 d6 12.a4!, die in seiner Partie gegen Dreev vorkam.} (10... Nc6 11. Bd3 Bd6 12. Qa4 h6 13. O-O Be6 14. Rad1 Rc8 15. Rd2 Bxf4 16. Qxf4 g5 $132 {Dreev,A-Short,N/Beijing 2000}) 11. Bxd6 ({Harmlos wirkt} 11. Bg3 Bg4 12. Bd3 h6 13. Qa4 Bxf3 14. gxf3 Nc6 15. Rg1 Qf6 16. Bxd6 Qxd6 17. Rg3 Ne5 $13 {Arencibia,W-Diaz,J/Holguin 1991}) (11. Qa4 $2 {wäre hier ein Fehler.} Bd7 12. Qd4 Nc6 13. Qxd5 Bxf4 14. exf4 Re8+ 15. Be2 Qe7 $17) ({RR} 11. Qa4 Bd7 12. Qd4 Nc6) 11... Qxd6 12. Be2 {Als eine kleine Entschädigung kann Weiß seinen Läufer auf e2 entwickeln. Aber steht er dort wirklich besser?} (12. Bd3 {führte mit Zugumstellung zu bekannten Stellungsbildern :} Nc6 13. O-O Qf6 (13... Bg4 $2 14. Bxh7+) 14. Qb3 Rd8 15. Rac1 Rb8 16. Rfd1 Bg4 17. Be2 $14 {Sokolov,A-Mozny,M/Germany 1993}) ({RR} 12. Bd3 Nc6 13. O-O Qf6 14. Qb3 Rd8 15. Rac1 Rb8 16. Rfd1 Bg4 17. Be2) 12... Nc6 13. O-O Bg4 {Nun ist dieser Zug ohne Vorbereitung möglich.} 14. Qa4 $146 (14. Qb3 $6 {bringt Weiß nichts wegen} d4 $1 15. Rad1 Qe7) ({RR} 14. h3 Bxf3 ({RR} 14... Bh5 15. Qb3 Rab8 ({RR} 15... d4 16. Rad1 Bxf3 ({RR} 16... Qe7 17. g4) 17. Bxf3) 16. Rfd1 Rfd8 17. Rd2) 15. Bxf3 Rfd8 16. Qb3 Ne5 17. Be2 d4 ({RR} 17... Rab8 18. Rfd1) 18. exd4 ({RR} 18. Rfd1 d3) 18... Nc6 ({RR} 18... Qxd4 19. Qxb7 ({RR} 19. Rfd1 Qe4 20. Bf1 b6) 19... Rab8 20. Qa6 Qxb2 ({RR} 20... Rxb2 21. Rad1 Qh4 22. Rxd8+ Qxd8 23. Rc1) 21. Rfd1 Qb6) 19. Qxb7 Rab8 20. Qa6 Rb6 21. Qa4 Nxd4 22. Rfe1 ({RR} 22. Bc4) 22... Rxb2 23. Bc4 h6 ({RR} 23... Rf8 24. Qxa7 Qf4 25. Rf1 Nf3+ 26. gxf3 Qxc4) 24. Re8+ Kh7 25. Bxf7 ({RR} 25. Rxd8 Qxd8 26. Rd1 ({RR} 26. Qxa7) 26... Qf6 27. Bd3+ g6 28. Qxd4 Qxd4 29. Bxg6+ Kxg6 30. Rxd4 Rb6 31. Ra4 a6 32. Ra5) 25... Qf4 26. Bg8+ Kg6 27. Qa6+ Rd6 28. Qf1 Rf6 {Van Wely,L (2714)-Lutz,C (2643) Leon 2001 CBM 086 [Dautov,Rustem] 1-0 (44)} {RR} 29. Rd1) ({RR} 14. Qb3 d4 15. Rad1 Qe7) ({RR} 14. h3 Bxf3 15. Bxf3 Rad8 16. Rc1 Ne5 17. Rc2 d4 18. exd4 Qb6 19. d5 Rfe8 20. g3 f5 21. Bg2 f4 22. gxf4 Ng6 23. Qg4 Qf6 24. f5 Ne5 25. Qf4 Nd3 26. Qg3 Ne1 27. Rc7 Qxb2 28. d6 Nxg2 {Potkin,V (2547)-Bezgodov,A (2554) Sochi 2006 ½-½ (50)}) 14... Bxf3 15. Bxf3 Ne5 16. Be2 Qb6 17. Rab1 {Zu passiv gespielt. Schwarz gleicht nun mühelos aus.} ({In Frage kam} 17. Qb4 $5 Qe6 (17... Qxb4 18. axb4 a6 19. Rfd1 Rfd8 20. Ra5 $16) 18. Rfd1 $14) 17... Rfd8 18. Rfd1 Rac8 19. h3 g6 20. Rd2 Nc4 21. Rd3 (21. Bxc4 dxc4 (21... Rxc4 22. Qd1 Qc6 $14) 22. Rxd8+ Qxd8 23. Qxa7 Qd3 24. Rf1 b5 $44) 21... Nxb2 $11 22. Qd4 Rc2 23. Bf3 Qxd4 24. Rxd4 b6 25. Bxd5 Rdc8 26. g4 h6 27. h4 Kg7 28. g5 hxg5 29. hxg5 R8c5 30. Be4 Rc1+ 31. Rxc1 Rxc1+ 32. Kg2 Rc4 1/2-1/2

[Event "Donostia-A"]
[Site "San Sebastian"]
[Date "2009.07.16"]
[Round "9"]
[White "San Segundo Carrillo, Pablo"]
[Black "Karpov, Anatoly"]
[Result "1/2-1/2"]
[WhiteElo "2570"]
[BlackElo "2644"]
[PlyCount "31"]
[EventDate "2009.07.07"]
[EventType "tourn"]
[EventRounds "9"]
[EventCountry "ESP"]
[EventCategory "18"]
[SourceTitle "CBM 132"]
[Source "ChessBase"]
[SourceDate "2009.09.16"]
[SourceVersion "1"]
[SourceVersionDate "2009.09.16"]
[SourceQuality "1"]

1. d4 d5 2. c4 e6 3. Nc3 Be7 4. Nf3 Nf6 5. Bf4 O-O 6. e3 Nbd7 7. Qc2 c5 8. dxc5 Nxc5 9. Be2 dxc4 10. Bxc4 a6 11. a4 b6 12. O-O Bb7 13. Qe2 Qe8 14. Nd4 $146 ({RR} 14. Rfd1 Qc6 15. Qf1 Rfc8 16. Ne5 Qe8 17. h3 Ncd7 18. Nxd7 {½-½ (18) Stohl,I (2525)-Gavrilov,A (2405) Pardubice 1995}) ({RR} 14. Rfd1 Rd8 15. Nd4 Rc8 16. Qf1 h6 17. Bg3 Kh8 18. h3 Bd8 19. b4 Ncd7 20. Rac1 Be7 21. Na2 Ra8 22. f3 Nd5 23. Qe1 Bg5 24. Bf2 Qe7 25. h4 Bf6 26. e4 Nf4 27. Qd2 Bxd4 28. Bxd4 b5 {Nakamura,H (2710)-Karpov,A (2644) San Sebastian 2009 1-0 (65)}) 14... Nfe4 15. Nxe4 Nxe4 16. Rfd1 1/2-1/2

[Event "Donostia-A"]
[Site "San Sebastian"]
[Date "2009.07.07"]
[Round "1"]
[White "Nakamura, Hikaru"]
[Black "Karpov, Anatoly"]
[Result "1-0"]
[WhiteElo "2710"]
[BlackElo "2644"]
[PlyCount "129"]
[EventDate "2009.07.07"]
[EventType "tourn"]
[EventRounds "9"]
[EventCountry "ESP"]
[EventCategory "18"]
[SourceTitle "CBM 132"]
[Source "ChessBase"]
[SourceDate "2009.09.16"]
[SourceVersion "1"]
[SourceVersionDate "2009.09.16"]
[SourceQuality "1"]

1. Nf3 Nf6 2. c4 e6 3. Nc3 d5 4. d4 Be7 5. Bf4 O-O 6. Qc2 c5 7. dxc5 Na6 8. e3 Nxc5 9. Be2 dxc4 10. Bxc4 a6 11. a4 b6 12. O-O Bb7 13. Qe2 Qe8 14. Rfd1 ({RR} 14. Nd4 Nfe4 15. Nxe4 Nxe4 16. Rfd1 {½-½ (16) San Segundo Carrillo,P (2570)-Karpov,A (2644) San Sebastian 2009}) 14... Rd8 $146 ({RR} 14... Qc6 15. Qf1 Rfc8 16. Ne5 Qe8 17. h3 Ncd7 18. Nxd7 {½-½ (18) Stohl,I (2525)-Gavrilov,A (2405) Pardubice 1995}) ({RR} 14... Qc6 15. Qf1 Rfd8 16. Nd4 Qc8 17. Rac1 Nh5 18. Be5 Nd7 19. Be2 Bc5 20. b4 Bxb4 21. Ncb5 axb5 22. Rxc8 Rdxc8 23. Bd6 Bxd6 24. Nxb5 Bf8 25. Rxd7 Bc6 26. Rd4 Nf6 27. Bf3 Bxf3 28. gxf3 Nd5 29. Rc4 {Ding,L (2395)-Ji,D (2286) Jiangsu Wuxi 2008 1-0 (47)}) 15. Nd4 Rc8 16. Qf1 h6 17. Bg3 Kh8 18. h3 Bd8 19. b4 Ncd7 20. Rac1 Be7 21. Na2 Ra8 22. f3 Nd5 23. Qe1 Bg5 24. Bf2 Qe7 25. h4 Bf6 26. e4 Nf4 27. Qd2 Bxd4 28. Bxd4 b5 29. Bf1 e5 30. Bf2 Bc8 31. Rc7 Qe6 32. axb5 axb5 33. Nc3 Qg6 34. Be3 Qg3 35. Bxf4 exf4 36. Rxd7 Bxd7 37. Qxd7 Qxh4 38. Qd2 Rad8 39. Nd5 f5 40. e5 Rfe8 41. Qe2 Re6 42. Rd4 Qg3 43. Nc7 Rxd4 44. Nxe6 Rxb4 45. Qc2 Ra4 46. Qd2 Ra1 47. Nxf4 Kh7 48. Nd3 Qh4 49. f4 Qe7 50. Qb4 Qxb4 51. Nxb4 g5 52. Kf2 Kg7 53. Nc6 Ra2+ 54. Ke3 Ra3+ 55. Kf2 Ra4 56. fxg5 Rf4+ 57. Ke1 hxg5 58. Bxb5 Kf7 59. Ke2 Ke6 60. Kd3 Kd5 61. Ne7+ Kc5 62. Bc6 Rd4+ 63. Ke3 Rb4 64. Bd7 Re4+ 65. Kf3 1-0

[Event "World-ch28 Karpov-Kortschnoj +6-5=21"]
[Site "Baguio City"]
[Date "1978.09.12"]
[Round "21"]
[White "Kortschnoj, Viktor Lvovich"]
[Black "Karpov, Anatoly"]
[Result "1-0"]
[WhiteElo "2665"]
[BlackElo "2725"]
[PlyCount "119"]
[EventDate "1978.07.18"]
[EventType "match"]
[EventRounds "32"]
[EventCountry "PHI"]
[SourceTitle "MainBase"]
[Source "ChessBase"]
[SourceDate "1999.07.01"]
[SourceVersion "2"]
[SourceVersionDate "1999.07.01"]
[SourceQuality "1"]

1. c4 Nf6 2. Nc3 e6 3. Nf3 d5 4. d4 Be7 5. Bf4 O-O 6. e3 c5 7. dxc5 Bxc5 8. Qc2 Nc6 9. Rd1 Qa5 10. a3 Re8 11. Nd2 e5 12. Bg5 Nd4 13. Qb1 Bf5 14. Bd3 e4 ({RR} 14... Bxd3 15. Qxd3 Ne4 16. Nxd5 Nxg5 17. exd4 Bxd4 18. b4 Qd8 19. Qb3 Ne6 20. O-O Nc7 21. Ne3 Qf6 22. c5 b6 23. Ne4 Qe6 24. Qxe6 Rxe6 25. Nf5 bxc5 26. Nxc5 Bxc5 27. bxc5 Na6 28. Rd5 g6 29. Nd6 {Mamedyarov,S (2809)-Nakamura,H (2787) Moscow 2018 ½-½ (33)}) ({RR} 14... Bxd3 15. Qxd3 Ne4 16. Nxd5 Nxg5 17. b4 Qd8 18. bxc5 Nde6 19. O-O Nxc5 20. Qb1 h6 21. f4 exf4 22. Rxf4 Re5 23. Rdf1 Qe8 24. h4 Rxd5 25. cxd5 Qxe3+ 26. R1f2 Nd3 27. Nf1 Nh3+ 28. gxh3 Qxh3 29. R2f3 {Tabatabaei,M (2700)-Azarov,S (2557) chess.com INT 2026 1-0 (36)}) 15. Bc2 $146 ({RR} 15. Bf1 Nc6 16. Bxf6 gxf6 17. Nb3 Qb6 18. Nxc5 d4 19. exd4 e3 20. Qxf5 Qxb2 21. N5e4 exf2+ 22. Qxf2 Qxc3+ 23. Qd2 Rxe4+ 24. Be2 Qxd4 25. Qxd4 Rxd4 26. Bf3 Rxd1+ 27. Kxd1 {½-½ (27) Comellas Blanchart,J (2045)-Ano Pla,G (2133) Barcelona 2022}) ({RR} 15. Bf1 Ng4 16. cxd5 b5 17. exd4 e3 18. Nb3 {1-0 (18) Cunningham,P-Cooper,J (2330) Wales 1982}) 15... Nxc2+ 16. Qxc2 Qa6 17. Bxf6 Qxf6 18. Nb3 Bd6 19. Rxd5 Re5 20. Nd4 Rc8 21. Rxe5 Qxe5 22. Nxf5 Qxf5 23. O-O Rxc4 24. Rd1 Qe5 25. g3 a6 26. Qb3 b5 27. a4 Rb4 28. Qd5 Qxd5 29. Rxd5 Bf8 30. axb5 a5 31. Rd8 Rxb2 32. Ra8 f5 33. Rxa5 Bb4 34. Ra8+ Kf7 35. Na4 Rb1+ 36. Kg2 Bd6 37. Ra7+ Kf6 38. b6 Bb8 39. Ra8 Be5 40. Nc5 Bd6 41. b7 Ke7 42. Rg8 Be5 43. f4 exf3+ 44. Kxf3 Kf7 45. Rc8 Ke7 46. h3 h5 47. Rg8 Kf7 48. Rd8 g5 49. g4 hxg4+ 50. hxg4 Ke7 51. Rg8 fxg4+ 52. Kxg4 Kf7 53. Rc8 Bd6 54. e4 Rg1+ 55. Kf5 g4 56. e5 Rf1+ 57. Ke4 Re1+ 58. Kd5 Rd1+ 59. Nd3 Rxd3+ 60. Kc4 1-0

[Event "World-ch28 Karpov-Kortschnoj +6-5=21"]
[Site "Baguio City"]
[Date "1978.09.16"]
[Round "23"]
[White "Kortschnoj, Viktor Lvovich"]
[Black "Karpov, Anatoly"]
[Result "1/2-1/2"]
[WhiteElo "2665"]
[BlackElo "2725"]
[PlyCount "83"]
[EventDate "1978.07.18"]
[EventType "match"]
[EventRounds "32"]
[EventCountry "PHI"]
[SourceTitle "MainBase"]
[Source "ChessBase"]
[SourceDate "1999.07.01"]
[SourceVersion "2"]
[SourceVersionDate "1999.07.01"]
[SourceQuality "1"]

1. c4 Nf6 2. Nc3 e6 3. Nf3 d5 4. d4 Be7 5. Bf4 O-O 6. e3 c5 7. dxc5 Bxc5 8. Qc2 Nc6 9. Rd1 Qa5 10. a3 Be7 11. Nd2 e5 12. Bg5 d4 13. Nb3 Qb6 14. Bxf6 Bxf6 15. Nd5 Qd8 16. Bd3 g6 17. exd4 Nxd4 18. Nxd4 exd4 19. Nxf6+ ({RR} 19. O-O Bg7 20. Rde1 Be6 21. Nf4 Bd7 22. Be4 Rb8 23. Nd3 Qc7 24. b3 Rfe8 25. Qd2 a5 26. Qf4 Qxf4 27. Nxf4 Bf8 28. a4 Bb4 29. Re2 Kg7 30. Rd1 Bc5 {½-½ (30) Gelfand,B (2691)-Kramnik,V (2751) Dos Hermanas 1999}) 19... Qxf6 20. O-O Be6 ({RR} 20... Bd7 21. Be4 Bc6 22. Bd5 Rfe8 23. Qd3 Bxd5 24. cxd5 Rad8 25. Qxd4 Qxd4 26. Rxd4 Re2 27. b4 Ra2 28. Rd3 Rd6 29. Rc1 Kg7 30. f3 Rd7 31. d6 Kf6 32. Rc8 Re2 33. Ra8 a6 34. Rc8 Re5 35. Kf2 {Toktomushev,T (2252)-Cvitan,O (2442) Switzerland SUI 2023 ½-½ (42)}) ({RR} 20... Bd7 21. b4 Rac8 22. Qb2 Rfd8 23. Rd2 {½-½ (23) Kortschnoj,V (2640)-Schussler,H (2490) Haninge 1988}) 21. Rfe1 $146 ({RR} 21. f4 Rac8 22. f5 Bxf5 23. Bxf5 gxf5 24. b3 Rfd8 25. Rxf5 Qe7 26. Rf3 Rc6 27. Qf2 Qxa3 28. Qg3+ Rg6 29. Qc7 Rf8 30. Qxb7 Qb2 31. Rf2 Qc3 32. Qxa7 Qxb3 33. Qxd4 Rc8 34. Rc1 Qa3 35. Qf4 Qa7 {Forintos,G-Doroshkievich,V Lipetsk 1968 1-0 (69)}) ({RR} 21. Be4 Rac8 22. b3 Rc7 23. Rd2 Rd8 24. Rfd1 b6 25. Qd3 Kg7 26. Bd5 Bf5 27. Qf3 h5 28. h3 d3 29. Be4 Bxe4 30. Qxe4 Re7 31. Qf3 Qxf3 32. gxf3 Red7 33. Re1 Kf6 34. Re3 Rd4 35. b4 Rxc4 {Kallai,G (2470)-Marciano,D (2485) France 1998 ½-½ (56)}) 21... Rac8 22. b3 Rfd8 23. Be4 Rc7 24. Qd2 Bg4 25. f3 Be6 26. a4 b6 27. a5 b5 28. cxb5 Bxb3 29. Rb1 Bd5 30. b6 axb6 31. Rxb6 Rc6 32. Rxc6 Bxc6 33. Bd3 Bd7 34. a6 Bf5 35. Qf4 Kg7 36. Bxf5 Qxf5 37. Qxf5 gxf5 38. Ra1 d3 39. Kf2 Re8 40. Ra2 Re7 41. Rd2 Re6 42. a7 1/2-1/2

[Event "Interpolis-06"]
[Site "Tilburg"]
[Date "1982.10.13"]
[Round "9"]
[White "Browne, Walter Shawn"]
[Black "Karpov, Anatoly"]
[Result "1/2-1/2"]
[WhiteElo "2585"]
[BlackElo "2720"]
[PlyCount "69"]
[EventDate "1982.09.30"]
[EventType "tourn"]
[EventRounds "11"]
[EventCountry "NED"]
[EventCategory "14"]
[SourceTitle "MCD"]
[Source "ChessBase"]
[SourceDate "1999.07.01"]
[SourceVersion "1"]
[SourceVersionDate "1999.07.01"]
[SourceQuality "1"]

1. d4 Nf6 2. c4 e6 3. Nf3 d5 4. Nc3 Be7 5. Bf4 O-O 6. e3 c5 7. dxc5 Bxc5 8. Qc2 Nc6 9. Rd1 Qa5 10. a3 Be7 11. Rd2 Rd8 12. cxd5 Nxd5 13. Nxd5 exd5 14. Bd3 h6 15. O-O Bf6 16. Qb3 ({RR} 16. Rfd1 Bg4 17. Bh7+ Kh8 18. Bf5 Bxf3 19. gxf3 d4 20. Kg2 dxe3 21. fxe3 Rxd2+ 22. Rxd2 Bxb2 23. Qxb2 Qxf5 24. Qxb7 Rd8 25. Rxd8+ Nxd8 26. Qb2 Ne6 27. Bg3 Ng5 28. Qe2 Qh3+ 29. Kf2 Qf5 30. a4 Kh7 {Novikov,M (2500)-Domogaev,S (2510) Tula 2014 ½-½ (42)}) 16... Bg4 17. Rfd1 Rd7 18. h3 Bxf3 $146 ({RR} 18... Be6 19. Qb5 Qxb5 20. Bxb5 a6 21. Bxc6 bxc6 22. Rc1 Rc8 23. Rdc2 d4 24. exd4 Bxd4 25. b4 Rcd8 26. Be5 Bxe5 27. Nxe5 Rd1+ 28. Rxd1 Rxd1+ 29. Kh2 Rd5 30. f4 f6 31. Rxc6 Bf5 32. Nf3 a5 33. Rc5 {Portisch,L (2630)-Balashov,Y (2595) Toluca de Lerdo 1982 1-0 (53)}) 19. gxf3 d4 20. Qb5 Qxb5 21. Bxb5 Rad8 22. Kf1 Rd5 23. Bxc6 bxc6 24. e4 Rb5 25. e5 Be7 26. Rxd4 Rxd4 27. Rxd4 Rxb2 28. Ra4 Ra2 29. Rxa7 Bc5 30. Ra8+ Kh7 31. Bg3 Rxa3 32. Rc8 Rxf3 33. Rxc6 Bd4 34. Rc4 Ba1 35. Re4 1/2-1/2

[Event "World-ch28 Karpov-Kortschnoj +6-5=21"]
[Site "Baguio City"]
[Date "1978.08.05"]
[Round "9"]
[White "Kortschnoj, Viktor Lvovich"]
[Black "Karpov, Anatoly"]
[Result "1/2-1/2"]
[WhiteElo "2665"]
[BlackElo "2725"]
[PlyCount "82"]
[EventDate "1978.07.18"]
[EventType "match"]
[EventRounds "32"]
[EventCountry "PHI"]
[SourceTitle "MainBase"]
[Source "ChessBase"]
[SourceDate "1999.07.01"]
[SourceVersion "2"]
[SourceVersionDate "1999.07.01"]
[SourceQuality "1"]

1. c4 Nf6 2. Nc3 e6 3. Nf3 d5 4. d4 Be7 5. Bf4 O-O 6. e3 c5 7. dxc5 Bxc5 8. Qc2 Nc6 9. Rd1 Qa5 10. a3 Be7 11. Nd2 e5 12. Bg5 d4 13. Nb3 Qd8 14. Be2 h6 15. Bxf6 Bxf6 16. O-O Be6 17. Nc5 Qe7 18. Nxe6 Qxe6 19. Nd5 Rad8 20. Bd3 Ne7 21. Nxf6+ $146 ({RR} 21. Be4 Rd7 22. exd4 exd4 23. Rfe1 Qd6 24. g3 Nxd5 25. Bxd5 Re7 26. Qf5 Rfe8 27. Rxe7 Qxe7 28. Rd3 b6 29. Rf3 Qe5 30. Qd3 Re7 31. Kg2 Kh8 32. b4 g6 33. Rf4 Kg7 34. Qf3 h5 35. h4 Rd7 {Hawksworth,J-Condie,M (2380) London 1985 ½-½ (37)}) 21... Qxf6 22. exd4 exd4 23. Rfe1 Rd7 24. Re4 Nc6 25. Qe2 g6 26. Re1 Kg7 27. b4 b6 28. Qg4 Rfd8 29. h4 h5 30. Qg3 Qd6 31. f4 Re7 32. Rxe7 Nxe7 33. Re5 a5 34. Rxh5 axb4 35. axb4 Qxb4 36. Rb5 Qd2 37. Kh2 Qe3 38. Rxb6 Ra8 39. Qxe3 dxe3 40. Rb2 Ra3 41. Be4 Rc3 1/2-1/2

[Event "(GER-ch) International05+"]
[Site "Munich"]
[Date "1979.02.27"]
[Round "3"]
[White "Robatsch, Karl"]
[Black "Karpov, Anatoly"]
[Result "1/2-1/2"]
[WhiteElo "2435"]
[BlackElo "2705"]
[PlyCount "31"]
[EventDate "1979.02.25"]
[EventType "tourn"]
[EventRounds "5"]
[EventCountry "GER"]
[EventCategory "10"]
[SourceTitle "MCD"]
[Source "ChessBase"]
[SourceDate "1999.07.01"]
[SourceVersion "1"]
[SourceVersionDate "1999.07.01"]
[SourceQuality "1"]

1. c4 Nf6 2. Nc3 e6 3. Nf3 d5 4. d4 Be7 5. Bf4 O-O 6. e3 b6 7. cxd5 exd5 8. Rc1 a6 9. Bd3 Bb7 10. Ne5 c5 11. Qf3 Nc6 12. O-O Re8 $146 ({RR} 12... cxd4 13. Nxc6 Bxc6 14. exd4 Qd7 15. Rfe1 Rfe8 16. h3 Bb4 17. Be5 Bxc3 18. Bf5 Bxe1 19. Bxd7 Bxd7 20. Rxe1 Re6 21. Rc1 Bc6 22. Qg3 Ne8 23. f4 Bb7 24. f5 Rc6 25. Rxc6 Bxc6 26. Bxg7 {1-0 (26) Farago,I (2495)-Fahnenschmidt,G (2385) St Ingbert 1991}) 13. Rfd1 cxd4 14. Nxc6 Bxc6 15. exd4 Qd7 16. Be5 1/2-1/2

[Event "URS-chT Republics 14th final A"]
[Site "Moscow"]
[Date "1979.07.??"]
[Round "2"]
[White "Karpov, Anatoly"]
[Black "Giorgadze, Tamaz"]
[Result "1/2-1/2"]
[WhiteElo "2705"]
[BlackElo "2535"]
[PlyCount "48"]
[EventDate "1979.07.10"]
[EventType "team-tourn"]
[EventRounds "4"]
[EventCountry "URS"]
[SourceTitle "EXT 2020"]
[Source "ChessBase"]
[SourceDate "2019.10.17"]
[SourceVersion "1"]
[SourceVersionDate "2019.10.17"]
[SourceQuality "1"]
[WhiteTeam "Leningrad"]
[BlackTeam "Georgia"]
[WhiteTeamCountry "RUS"]
[BlackTeamCountry "GEO"]

1. c4 e6 2. Nf3 d5 3. d4 Nf6 4. Nc3 Be7 5. Bf4 O-O 6. e3 b6 7. Be2 Bb7 8. O-O Nbd7 9. h3 ({RR} 9. cxd5 Nxd5 10. Nxd5 Bxd5 11. Qa4 c5 12. Bb5 Nf6 13. dxc5 a6 14. Be2 Bxc5 15. Bg5 h6 16. Bh4 Qd7 17. Qxd7 Nxd7 18. Rfd1 f5 19. Bg3 Nf6 20. Be5 Rfd8 21. Bxf6 gxf6 22. Ne1 Bd6 23. Bf3 Bxf3 {Vachier Lagrave,M (2715)-Fressinet,L (2696) Clichy 2011 ½-½ (39)}) ({RR} 9. Rc1 c5 10. cxd5 exd5 11. dxc5 bxc5 12. Qb3 Qb6 13. Qc2 Rac8 14. Rfd1 Rfd8 15. Qb1 Bf8 16. Ne5 h6 17. Nxd7 Rxd7 18. e4 dxe4 19. Rxd7 Nxd7 20. Bg4 Rd8 {½-½ (20) Sharon Rachel Aby (1476)-Mehta Charvi (1451) Goa IND 2025}) 9... c5 10. Bh2 a6 $146 ({RR} 10... Rc8 11. Rc1 dxc4 12. Bxc4 cxd4 13. Qxd4 e5 14. Bxe5 Bxf3 15. gxf3 Nxe5 16. Qxe5 Rxc4 17. Nd5 Bd6 18. Nxf6+ gxf6 19. Qh5 Rxc1 20. Rxc1 Kh8 21. Kh1 Qe7 22. f4 Qe4+ 23. Kh2 Rg8 24. Rg1 Rxg1 25. Kxg1 {Novak,J (1986)-Szamos,A (2274) Tatranske Zruby 2003 0-1 (40)}) ({RR} 10... Rc8 11. cxd5 Nxd5 12. Rc1 N7f6 13. Ne5 cxd4 14. exd4 a6 15. Bf3 b5 16. Nxd5 Bxd5 17. a3 Bxf3 18. Nxf3 Qb6 19. Qe2 Nd5 20. Qd2 Bf6 21. Be5 Rfe8 22. Bxf6 Nxf6 23. Rxc8 Rxc8 24. Rc1 Qb7 25. Rc2 {Bebnik,M (1623)-Rogacka,N (1649) Karpacz 2015 ½-½}) 11. a4 Rc8 12. cxd5 Nxd5 13. Qb1 N7f6 14. Rd1 cxd4 15. Nxd5 Nxd5 16. Rxd4 Bc5 17. Rd2 Qe7 18. Bg3 Rfd8 19. Qf1 a5 20. Rad1 Bb4 21. Rd3 Bc6 22. Ra1 Nf6 23. Rxd8+ Rxd8 24. Rc1 Bc5 1/2-1/2